| 000 | 00649nam a2200205Ia 4500 | ||
|---|---|---|---|
| 003 | OSt | ||
| 005 | 20250927111731.0 | ||
| 008 | 210210b1979 xxu||||| |||| 00| 0 eng d | ||
| 040 | _cAL | ||
| 041 | _aKannada | ||
| 082 | _a398.2K SHEV | ||
| 100 |
_aSHEDIGUMME VASUDEVA BHAT. _dಶೇಡಿಗುಮ್ಮೆ ವಾಸುದೇವ ಭಟ್ _9240778 |
||
| 245 |
_aVikrakesarivijaya.- yakshagana. _b ವಿಕ್ರಕೇಸರಿವಿಜಯ.- ಯಕ್ಷಗಾನ |
||
| 260 |
_aMangaluru. _bEn Ech Ishvara Bhatta., _c1979 |
||
| 300 | _a48 | ||
| 650 |
_aYakshagana _9240779 |
||
| 690 |
_aYakshagana _9240779 |
||
| 906 | _a042196 | ||
| 942 |
_2ddc _cBK |
||
| 999 |
_c92101 _d92101 |
||